1854 1763 1752 1997 1773 1446 1949 1676 1181 1732 1598 1775 1000 1047 1462 1672 1018 1598 1139 1291 1018 1252 1683 1448 1554 1594 1890 1131 1728 1922 1824 1505 1026 1613 1698 1077 1642 1684 1257 1189 1311 1963 1151 1090 1273 1068 1605 1940 1677 1797 1456 1091 1203 1424 1906 1272 1397 1417 1330 1428 1520 1700 1071 1755 1191 1122 1426 1747 1989 1089 1784 1109 1597 1730 1034 1530 1656 1678 1870 1474 1985 1710 1811 1039 1626 1693 1491 1591 1329 1015 1479 1917 1776 1861 1028 1708 1933 1423 1874 BCNSPRNW ULIB Ver.6.0+V

เปลี่ยนเป็นภาษาไทย

Change to English
 แสดงรายละเอียดบรรณานุกรม
  กลับหน้าหลัก

Brief Record : Get Marc (ISO 2709) : E-mail record : QR code < ปิดหน้าต่าง
LEADER : 00000nam 2200000uu 4500
001    13399121223
003     ULIB
008    121109s2546||||th 000 0 tha d
020    ^a9747206064
050  4 ^aPA^bส111ก
100 0  ^aสิทธิณัฐ ประพุทธนิติสาร
245 10 ^aการวิจัยเชิงปฏิบัติการแบบมีส่วนร่วม :^bแนวคิดและแนวปฏิบัติ /^cสิทธิณัฐ ประพุทธนิติสาร
246 30 ^aParticipatory action research : concepts and practice
250    ^aพิมพ์ครั้งที่ 2.
260    ^aกรุงเทพฯ :^bสำนักงานกองทุนสนับสนุนการวิจัย (สกว.), ^c2546.
300    ^a171 หน้า :^bภาพประกอบ ;^c21 ซม.
650  4 ^aวิจัยเชิงปฏิบัติการ
650  4 ^aสังคมศาสตร์^xวิจัย
650  4 ^aการพัฒนาชุมชน^xวิจัย
710 2  ^aสำนักงานกองทุนสนับสนุนการวิจัย
917    ^aLIB :^c198
945    ^p198^l0^i11835
955    ^aT1526^b1 เล่ม
999    ^aวิภา
รายการนี้ยังไม่มีแท็ก
คุณยังไม่ได้ล็อกอิน คุณสามารถมีกิจกรรมร่วมกับเว็บไซต์ได้ แต่ต้องล็อกอินก่อน ::
  ล็อกอิน

รายการสื่อสารสนเทศ

ลำดับที่ ประเภท เลขเรียก/บาร์โค้ด สถานที่ สถานะ
1. วิทยาศาสตร์การแพทย์ และสุขภาพ
วิทยาศาสตร์การแพทย์ และสุขภาพ
PA ส111ก  
  Barcode: 11835
ห้องสมุดวิทยาเขตสวรรค์ประชารักษ์
►หนังสือทั่วไป
บนชั้น

รายการใกล้เคียง
    หัวเรื่อง [วิจัยเชิงปฏิบัติการ]

BibComment


ยังไม่เคยถูกคอมเมนท์

คอมเมนท์ทรัพยากรรายการนี้
  คอมเมนท์: การวิจัยเชิงปฏิบ..


 Copyright 2026. Bcnsprnw @Library